[Event "IECC CL8-2003.14 email"]
[Site "IECC email"]
[Date "2003.06.21"]
[Round "?"]
[White "Bauer, Gerd"]
[Black "Richard, Peter"]
[Result "1-0"]
[WhiteElo "1015"]
[BlackElo "956"]
[PlyCount "41"]
[EventDate "2003.??.??"]
[EventType "tourn (corr)"]
[EventRounds "4"]
[SourceTitle "Corr 2008"]
[Source "ChessBase"]
[SourceDate "2008.06.24"]
[SourceVersion "1"]
[SourceVersionDate "2008.06.24"]
[SourceQuality "1"]

1. d4 d5 2. c4 c6 3. Nf3 Nf6 4. Nc3 dxc4 5. a4 Bf5 6. Ne5 Nbd7 7. Nxc4 Nb6 8. Ne5 a5 9. f3 Nfd7 10. Nxd7 Nxd7 11. e4 Bg6 12. Be2 e6 13. 0-0 Bb4 14. Be3 0-0 15. Rc1 e5 16. dxe5 Nxe5 17. f4 Qxd1 18. Rfxd1 Bxc3 19. Rxc3 Bxe4 20. fxe5 Rae8 21. Bc5 1-0

[Event "IECC KO email"]
[Site "IECC email"]
[Date "2003.06.16"]
[Round "?"]
[White "Heyvaert, Philippe"]
[Black "Richard, Peter"]
[Result "1-0"]
[WhiteElo "1194"]
[BlackElo "903"]
[PlyCount "43"]
[EventDate "2003.??.??"]
[EventType "tourn (corr)"]
[EventRounds "6"]
[SourceTitle "Corr 2008"]
[Source "ChessBase"]
[SourceDate "2008.06.24"]
[SourceVersion "1"]
[SourceVersionDate "2008.06.24"]
[SourceQuality "1"]

1. e4 c6 2. Nc3 d5 3. exd5 cxd5 4. Nf3 Nf6 5. d4 Bg4 6. Bb5+ Nbd7 7. h3 Bh5 8. g4 Bg6 9. Ne5 e6 10. Bg5 Be7 11. Bxf6 0-0 12. Bxe7 Qxe7 13. Nxd7 Rfd8 14. Ne5 a6 15. Bd3 f5 16. Qf3 Qb4 17. 0-0-0 a5 18. gxf5 Bxf5 19. Bxf5 exf5 20. Nxd5 Qa4 21. Qxf5 Qxa2 22. Qe6+ 1-0

[Event "IECC P email"]
[Site "IECC email"]
[Date "2003.04.12"]
[Round "?"]
[White "Richard, Peter"]
[Black "Mottershead, Richard"]
[Result "0-1"]
[WhiteElo "897"]
[BlackElo "1174"]
[PlyCount "36"]
[EventDate "2003.??.??"]
[EventType "tourn (corr)"]
[EventRounds "6"]
[SourceTitle "Corr 2008"]
[Source "ChessBase"]
[SourceDate "2008.06.24"]
[SourceVersion "1"]
[SourceVersionDate "2008.06.24"]
[SourceQuality "1"]

1. d4 d5 2. c4 c6 3. Nf3 Nf6 4. Nc3 Nbd7 5. e3 e6 6. Bd3 Bd6 7. 0-0 e5 8. c5 Bc7 9. e4 0-0 10. Be3 h6 11. Nh4 dxe4 12. Nxe4 Nxe4 13. Bxe4 Qxh4 14. g3 Qxe4 15. Re1 Qd5 16. b4 Nf6 17. a3 Bh3 18. Qd2 Qg2# 0-1

[Event "IECC CL8-2003.07 email"]
[Site "IECC email"]
[Date "2003.04.04"]
[Round "?"]
[White "Ballueder, Volker"]
[Black "Richard, Peter"]
[Result "1-0"]
[WhiteElo "970"]
[BlackElo "910"]
[PlyCount "59"]
[EventDate "2003.??.??"]
[EventType "tourn (corr)"]
[EventRounds "4"]
[SourceTitle "Corr 2008"]
[Source "ChessBase"]
[SourceDate "2008.06.24"]
[SourceVersion "1"]
[SourceVersionDate "2008.06.24"]
[SourceQuality "1"]

1. c4 e5 2. e3 Nf6 3. Nc3 Nc6 4. Nf3 Bb4 5. a3 Bxc3 6. dxc3 d6 7. Bd3 0-0 8. Bc2 Bg4 9. 0-0 e4 10. h3 Bxf3 11. gxf3 exf3 12. Qxf3 Qd7 13. Bf5 Qe7 14. e4 Ne5 15. Qg3 g6 16. Bh6 Rfd8 17. f4 Nxc4 18. Rae1 Nxb2 19. e5 dxe5 20. fxe5 Nd3 21. exf6 Qc5+ 22. Be3 Qxa3 23. Bxd3 Rxd3 24. Qxc7 Rxc3 25. Qxb7 Rcc8 26. Rf2 Rcb8 27. Qc6 Qb4 28. Rfe2 a5 29. Bc5 Qb7 30. Re8+ 1-0

[Event "IECC CL8-2003.03 email"]
[Site "IECC email"]
[Date "2003.02.18"]
[Round "?"]
[White "Robertson, John"]
[Black "Richard, Peter"]
[Result "1/2-1/2"]
[WhiteElo "935"]
[BlackElo "928"]
[PlyCount "59"]
[EventDate "2003.??.??"]
[EventType "tourn (corr)"]
[EventRounds "4"]
[SourceTitle "Corr 2008"]
[Source "ChessBase"]
[SourceDate "2008.06.24"]
[SourceVersion "1"]
[SourceVersionDate "2008.06.24"]
[SourceQuality "1"]

1. e4 c6 2. Nc3 d5 3. d4 dxe4 4. Nxe4 Bf5 5. Ng3 Bg6 6. Nf3 Nd7 7. Bd3 Bxd3 8. Qxd3 Ngf6 9. 0-0 e6 10. Bf4 Be7 11. h3 0-0 12. a3 c5 13. c3 Kh8 14. Rad1 Nd5 15. Bd2 N7b6 16. dxc5 Bxc5 17. c4 Nf6 18. Ne5 Na4 19. Qxd8 Raxd8 20. Be3 Bxe3 21. fxe3 Nxb2 22. Rb1 Nd3 23. Nxd3 Rxd3 24. Rxb7 Rxa3 25. Kh2 g6 26. e4 Kg7 27. e5 Nh5 28. Rf3 Rxf3 29. gxf3 Rc8 30. Nxh5+ 1/2-1/2

[Event "IECC M email"]
[Site "IECC email"]
[Date "2003.02.02"]
[Round "?"]
[White "Cunningham, Don"]
[Black "Richard, Peter"]
[Result "1-0"]
[WhiteElo "912"]
[BlackElo "983"]
[PlyCount "45"]
[EventDate "2003.??.??"]
[EventType "tourn (corr)"]
[EventRounds "6"]
[SourceTitle "Corr 2008"]
[Source "ChessBase"]
[SourceDate "2008.06.24"]
[SourceVersion "1"]
[SourceVersionDate "2008.06.24"]
[SourceQuality "1"]

1. d4 d5 2. Nf3 Nf6 3. e3 e6 4. Bd3 c5 5. c3 Nc6 6. 0-0 Be7 7. Nbd2 0-0 8. b3 Bd6 9. g3 Ng4 10. Re1 a6 11. e4 Ne7 12. c4 Ng6 13. exd5 exd5 14. Bxg6 fxg6 15. Bb2 h6 16. cxd5 cxd4 17. Re4 d3 18. Qc1 Bf5 19. Qc3 Nf6 20. Rh4 g5 21. Rd4 Rc8 22. Rc4 Nxd5 23. Qxg7# 1-0

[Event "IECC CL7-2003.05 email"]
[Site "IECC email"]
[Date "2003.01.29"]
[Round "?"]
[White "Richard, Peter"]
[Black "Van Gimst, Herman"]
[Result "0-1"]
[WhiteElo "996"]
[BlackElo "1209"]
[PlyCount "60"]
[EventDate "2003.??.??"]
[EventType "tourn (corr)"]
[EventRounds "4"]
[SourceTitle "Corr 2008"]
[Source "ChessBase"]
[SourceDate "2008.06.24"]
[SourceVersion "1"]
[SourceVersionDate "2008.06.24"]
[SourceQuality "1"]

1. d4 Nf6 2. c4 e6 3. Nc3 Bb4 4. Qc2 c5 5. dxc5 Na6 6. a3 Bxc3+ 7. Qxc3 Nxc5 8. b4 Nce4 9. Qd4 Qc7 10. Nf3 Nd6 11. Ne5 0-0 12. e3 Nf5 13. Qb2 d6 14. Nf3 e5 15. Be2 Be6 16. Qb3 Rfd8 17. 0-0 b5 18. Nd2 d5 19. cxb5 d4 20. e4 Bxb3 21. Nxb3 Nxe4 22. g3 Ned6 23. Bg5 f6 24. Bd2 Qb6 25. a4 Ne4 26. Rad1 Rac8 27. a5 Qe6 28. Rb1 Ne3 29. fxe3 dxe3 30. Bxe3 Nc3 0-1

[Event "IECC TH-M email"]
[Site "IECC email"]
[Date "2002.11.06"]
[Round "?"]
[White "Richard, Peter"]
[Black "Jensen, Jeff"]
[Result "0-1"]
[WhiteElo "1006"]
[BlackElo "1211"]
[PlyCount "64"]
[EventDate "2002.??.??"]
[EventType "match (corr)"]
[EventRounds "2"]
[SourceTitle "Corr 2008"]
[Source "ChessBase"]
[SourceDate "2008.06.24"]
[SourceVersion "1"]
[SourceVersionDate "2008.06.24"]
[SourceQuality "1"]

1. e4 c6 2. d4 d5 3. Nc3 dxe4 4. Nxe4 Bf5 5. Ng3 Bg6 6. h4 h6 7. Nf3 Nf6 8. Ne5 Bh7 9. Bc4 e6 10. 0-0 Qc7 11. Bf4 Bd6 12. Qd2 Nbd7 13. Rfe1 0-0 14. Bd3 Bxd3 15. Qxd3 Rad8 16. Ne4 Nh5 17. Bd2 Nxe5 18. Qe3 Nc4 19. Qd3 Nxd2 20. Nxd2 c5 21. c3 Nf4 22. Qe4 Qe7 23. g3 Nh5 24. Nf1 Nf6 25. Qd3 cxd4 26. Qxd4 Bxg3 27. Qxa7 Bxh4 28. Rad1 Rxd1 29. Rxd1 Ne4 30. Ng3 Qg5 31. Kg2 Bxg3 32. f3 Bb8+ 0-1

[Event "IECC KO email"]
[Site "IECC email"]
[Date "2002.04.27"]
[Round "?"]
[White "Richard, Peter"]
[Black "Schulle, Jozsef"]
[Result "0-1"]
[WhiteElo "1013"]
[BlackElo "1192"]
[PlyCount "64"]
[EventDate "2002.??.??"]
[EventType "tourn (corr)"]
[EventRounds "6"]
[SourceTitle "Corr 2008"]
[Source "ChessBase"]
[SourceDate "2008.06.24"]
[SourceVersion "1"]
[SourceVersionDate "2008.06.24"]
[SourceQuality "1"]

1. e4 c6 2. d4 d5 3. e5 Bf5 4. Nf3 e6 5. Be2 Nd7 6. 0-0 Qb6 7. Nh4 Bg6 8. Nxg6 hxg6 9. Nc3 0-0-0 10. Bg5 f6 11. Bf4 fxe5 12. dxe5 Qxb2 13. Qd2 Bb4 14. Rab1 Qxc3 15. Rxb4 Qxd2 16. Bxd2 Nxe5 17. Rfb1 b6 18. Ra4 Rd7 19. f4 Nc4 20. Bxc4 dxc4 21. Bc3 b5 22. Rab4 Nf6 23. a4 Nd5 24. Bxg7 Rxg7 25. R4b2 Nc3 26. Re1 Nxa4 27. Rbb1 Nc5 28. Rbd1 Kc7 29. Ra1 Kb6 30. h3 Rf7 31. Kh2 Rxf4 32. Kg3 Rd4 0-1

[Event "IECC P email"]
[Site "IECC email"]
[Date "2002.03.26"]
[Round "?"]
[White "Ralchev, Stoyan"]
[Black "Richard, Peter"]
[Result "1-0"]
[WhiteElo "1838"]
[BlackElo "986"]
[PlyCount "59"]
[EventDate "2002.??.??"]
[EventType "tourn (corr)"]
[EventRounds "6"]
[SourceTitle "Corr 2008"]
[Source "ChessBase"]
[SourceDate "2008.06.24"]
[SourceVersion "1"]
[SourceVersionDate "2008.06.24"]
[SourceQuality "1"]

1. e4 e6 2. d4 d5 3. e5 c5 4. c3 Nc6 5. Nf3 Qb6 6. a3 c4 7. g3 Bd7 8. Nbd2 0-0-0 9. Ng5 Be8 10. h4 Nge7 11. Qf3 Nf5 12. Bh3 h6 13. Bxf5 exf5 14. Nh3 Bd7 15. Qxd5 Be6 16. Qf3 Bd5 17. Qxf5+ Kb8 18. Rh2 g6 19. Qf6 Rh7 20. Nf4 Be7 21. Nxd5 Bxf6 22. Nxb6 Be7 23. Nbxc4 Re8 24. Ne4 f5 25. Ned6 Bxd6 26. Nxd6 Rd8 27. Bf4 h5 28. 0-0-0 Na5 29. e6 Kc7 30. Nf7+ 1-0

[Event "IECC M email"]
[Site "IECC email"]
[Date "2002.02.26"]
[Round "?"]
[White "Richard, Peter"]
[Black "Masera, Javier Horacio"]
[Result "0-1"]
[WhiteElo "1027"]
[BlackElo "1070"]
[PlyCount "50"]
[EventDate "2002.??.??"]
[EventType "tourn (corr)"]
[EventRounds "6"]
[SourceTitle "Corr 2008"]
[Source "ChessBase"]
[SourceDate "2008.06.24"]
[SourceVersion "1"]
[SourceVersionDate "2008.06.24"]
[SourceQuality "1"]

1. e4 c5 2. Nf3 d6 3. d4 cxd4 4. Nxd4 Nf6 5. Nc3 g6 6. Be3 Bg7 7. f3 0-0 8. Qd2 Nc6 9. Bc4 Bd7 10. 0-0-0 Rc8 11. Nxc6 Bxc6 12. Bxa7 b6 13. e5 Nd7 14. e6 Ra8 15. exf7+ Kh8 16. Bd5 Bxd5 17. Nxd5 Rxa7 18. Kb1 Ne5 19. Qe3 Nc4 20. Qf4 b5 21. Nb4 Qa5 22. a3 Bxb2 23. Nc6 Qxa3 24. c3 Qb3 25. Nxa7 Na3# 0-1

[Event "IECC CL7-2001.25"]
[Site "IECC email"]
[Date "2001.10.13"]
[Round "?"]
[White "Neatham, Graeme"]
[Black "Richard, Peter"]
[Result "1-0"]
[WhiteElo "1131"]
[BlackElo "1063"]
[PlyCount "99"]
[EventDate "2001.??.??"]
[EventType "tourn (corr)"]
[EventRounds "4"]
[SourceTitle "Corr 2008"]
[Source "ChessBase"]
[SourceDate "2008.06.24"]
[SourceVersion "1"]
[SourceVersionDate "2008.06.24"]
[SourceQuality "1"]

1. c4 e5 2. Nc3 Nc6 3. g3 g6 4. Bg2 Bg7 5. e4 d6 6. d3 Nd4 7. Nf3 Nf6 8. Nxd4 exd4 9. Nb5 Nd7 10. Bg5 Bf6 11. Bxf6 Nxf6 12. Nxd4 0-0 13. 0-0 c5 14. Ne2 Re8 15. f4 Qe7 16. Nc3 Bg4 17. Bf3 Bh3 18. Re1 Qd7 19. d4 Rad8 20. dxc5 Qc6 21. cxd6 Rxd6 22. Qe2 Qc5+ 23. Qe3 Qxe3+ 24. Rxe3 Ng4 25. Bxg4 Bxg4 26. Nd5 Kf8 27. e5 Rc6 28. Rc3 Rec8 29. Nf6 h5 30. b3 Rd8 31. Ne4 Rd4 32. Nd6 b6 33. a4 a5 34. Ra2 Ke7 35. Kf2 Rd1 36. Ke3 Re1+ 37. Kd4 f6 38. Re3 Rxe3 39. Kxe3 fxe5 40. fxe5 Ke6 41. Kd4 Bd1 42. Ra1 Bxb3 43. Kc3 Bxa4 44. Rxa4 Kxe5 45. Nb5 Rf6 46. Kd3 Rf3+ 47. Ke2 Rb3 48. Ra2 Ke4 49. Rd2 Rd3 50. Rxd3 1-0

[Event "IECC CL7-2001.25"]
[Site "IECC email"]
[Date "2001.10.13"]
[Round "?"]
[White "Richard, Peter"]
[Black "Conner, Michel"]
[Result "0-1"]
[WhiteElo "1124"]
[BlackElo "1073"]
[PlyCount "80"]
[EventDate "2001.??.??"]
[EventType "tourn (corr)"]
[EventRounds "4"]
[SourceTitle "Corr 2008"]
[Source "ChessBase"]
[SourceDate "2008.06.24"]
[SourceVersion "1"]
[SourceVersionDate "2008.06.24"]
[SourceQuality "1"]

1. e4 e6 2. d4 d5 3. e5 c5 4. c3 Nc6 5. Nf3 Qb6 6. Be2 cxd4 7. cxd4 Nh6 8. Nc3 Nf5 9. Na4 Qa5+ 10. Bd2 Bb4 11. 0-0 Bxd2 12. Nxd2 Nfxd4 13. Nc3 Nxe5 14. Nb3 Nxb3 15. Qxb3 0-0 16. Rfd1 Bd7 17. Rd4 Rac8 18. Qxb7 Rb8 19. b4 Qd8 20. Qa6 Nc6 21. Rd2 Rxb4 22. a3 Rb3 23. Nb5 Qa5 24. Qxa5 Nxa5 25. a4 Rb8 26. Rad1 Rb4 27. Rd4 Rxd4 28. Rxd4 a6 29. Nc7 Nb3 30. Nxa6 Nxd4 31. Nxb8 Nxe2+ 32. Kf1 Bxa4 33. Kxe2 Bb5+ 34. Ke3 e5 35. Kd2 Kf8 36. Kc3 Ke7 37. Kb4 d4 38. h4 Kd6 39. g4 Kc7 40. g5 Kxb8 0-1

[Event "IECC Swiss email"]
[Site "IECC email"]
[Date "2001.07.17"]
[Round "?"]
[White "Richard, Peter"]
[Black "Humen, John F"]
[Result "0-1"]
[WhiteElo "1033"]
[BlackElo "1799"]
[PlyCount "62"]
[EventDate "2001.??.??"]
[EventType "tourn (corr)"]
[EventRounds "6"]
[SourceTitle "Corr 2008"]
[Source "ChessBase"]
[SourceDate "2008.06.24"]
[SourceVersion "1"]
[SourceVersionDate "2008.06.24"]
[SourceQuality "1"]

1. e4 c5 2. Nf3 d6 3. d4 cxd4 4. Nxd4 Nf6 5. Nc3 g6 6. Be2 Bg7 7. 0-0 0-0 8. Nb3 Nc6 9. Bg5 a6 10. f4 b5 11. Bf3 b4 12. Nd5 Nxd5 13. exd5 Na5 14. Qd3 Bxb2 15. Rae1 Bf5 16. Be4 Bd7 17. Nd4 Qb6 18. Kh1 Bxd4 19. Rf3 f5 20. Bxe7 Rfe8 21. Bxf5 Bxf5 22. Qf1 Qc5 23. Qe2 Ra7 24. Qd2 Raxe7 25. Rxe7 Rxe7 26. Rf1 Qc4 27. Rd1 Re2 28. Qc1 Rxc2 29. Qb1 Qe2 30. Rg1 Bxg1 31. Qxg1 Bh3 0-1

[Event "IECC CL8-2001.12"]
[Site "IECC email"]
[Date "2001.05.28"]
[Round "?"]
[White "Gumminger, Fred"]
[Black "Richard, Peter"]
[Result "1-0"]
[WhiteElo "936"]
[BlackElo "1044"]
[PlyCount "41"]
[EventDate "2001.??.??"]
[EventType "tourn (corr)"]
[EventRounds "4"]
[SourceTitle "Corr 2008"]
[Source "ChessBase"]
[SourceDate "2008.06.24"]
[SourceVersion "1"]
[SourceVersionDate "2008.06.24"]
[SourceQuality "1"]

1. d4 d5 2. c4 e6 3. e4 Nf6 4. Nc3 c5 5. Be3 Nc6 6. e5 Ne4 7. Nge2 Be7 8. Nf4 0-0 9. Nh5 Nxd4 10. Bd3 Bg5 11. 0-0 Bxe3 12. fxe3 Nc6 13. Nxg7 Nxe5 14. Nxe4 dxe4 15. Bxe4 Nxc4 16. Bxh7+ Kxh7 17. Qh5+ Kxg7 18. Rf3 e5 19. Raf1 Rh8 20. Rg3+ Kf8 21. Qxf7# 1-0

[Event "IECC CL8-2001.12"]
[Site "IECC email"]
[Date "2001.05.28"]
[Round "?"]
[White "Richard, Peter"]
[Black "Barson, Iain"]
[Result "1-0"]
[WhiteElo "1023"]
[BlackElo "1000"]
[PlyCount "83"]
[EventDate "2001.??.??"]
[EventType "tourn (corr)"]
[EventRounds "4"]
[SourceTitle "Corr 2008"]
[Source "ChessBase"]
[SourceDate "2008.06.24"]
[SourceVersion "1"]
[SourceVersionDate "2008.06.24"]
[SourceQuality "1"]

1. e4 e5 2. Nf3 Nc6 3. Bc4 Nf6 4. Ng5 d5 5. exd5 Nxd5 6. d4 h6 7. Ne4 Nxd4 8. Nbc3 Bb4 9. 0-0 Be6 10. a3 Bxc3 11. Nxc3 Nxc3 12. Qd3 Nce2+ 13. Kh1 e4 14. Qxe4 f5 15. Qe3 Qf6 16. Bb3 0-0-0 17. Bd2 f4 18. Bxe6+ Qxe6 19. Qd3 Nf5 20. Qb5 Rxd2 21. Qc5 Re8 22. Qxa7 Nfg3+ 23. fxg3 fxg3 24. h3 Qe4 25. Rae1 Red8 26. Rf7 Qxg2+ 27. Kxg2 Nd4+ 28. Kxg3 Nc6 29. Qa8+ Nb8 30. Ree7 Rxc2 31. Qa5 Rd3+ 32. Rf3 b6 33. Qa8 Rd8 34. Rff7 h5 35. Qa7 Rd3+ 36. Rf3 h4+ 37. Kg4 Rg2+ 38. Kf4 Rd4+ 39. Ke3 Nd7 40. Kxd4 Rc2 41. Qa8+ Nb8 42. Rf8# 1-0

[Event "IECC CL8-2001.12"]
[Site "IECC email"]
[Date "2001.05.28"]
[Round "?"]
[White "Richard, Peter"]
[Black "Benum, Sharon"]
[Result "1-0"]
[WhiteElo "1044"]
[BlackElo "1022"]
[PlyCount "39"]
[EventDate "2001.??.??"]
[EventType "tourn (corr)"]
[EventRounds "4"]
[SourceTitle "Corr 2008"]
[Source "ChessBase"]
[SourceDate "2008.06.24"]
[SourceVersion "1"]
[SourceVersionDate "2008.06.24"]
[SourceQuality "1"]

1. e4 c6 2. d4 d5 3. Nc3 e6 4. e5 f6 5. Nf3 Nd7 6. Bf4 Bb4 7. Bd3 Ne7 8. 0-0 0-0 9. Qd2 c5 10. exf6 Nxf6 11. dxc5 Bxc5 12. Ne5 Nc6 13. Rae1 Bd4 14. Nf3 Nh5 15. Bxh7+ Kxh7 16. Ng5+ Kg8 17. Qd3 Nf6 18. Qg6 Qe8 19. Qd3 Qe7 20. Nxd5 1-0

[Event "IECC M email"]
[Site "IECC email"]
[Date "2001.05.18"]
[Round "?"]
[White "Potter, Carolyn"]
[Black "Richard, Peter"]
[Result "0-1"]
[WhiteElo "900"]
[BlackElo "1032"]
[PlyCount "48"]
[EventDate "2001.??.??"]
[EventType "tourn (corr)"]
[EventRounds "6"]
[SourceTitle "Corr 2008"]
[Source "ChessBase"]
[SourceDate "2008.06.24"]
[SourceVersion "1"]
[SourceVersionDate "2008.06.24"]
[SourceQuality "1"]

1. e4 e5 2. Nf3 Nc6 3. d3 Nf6 4. c4 Nd4 5. Nbd2 Bc5 6. a3 0-0 7. g3 d6 8. Bg2 Be6 9. b4 Bb6 10. 0-0 c6 11. b5 Rc8 12. a4 Bg4 13. Bb2 d5 14. Nxe5 Bxd1 15. Raxd1 Qd6 16. Nef3 Rfe8 17. Nxd4 Qb4 18. Bc1 Bxd4 19. Nf3 Bc3 20. Bd2 Bxd2 21. Nxd2 Qxa4 22. Ra1 Qc2 23. Nf3 Qxd3 24. Rac1 Nxe4 0-1

[Event "IECC M email"]
[Site "IECC email"]
[Date "2001.05.18"]
[Round "?"]
[White "Richard, Peter"]
[Black "Potter, Carolyn"]
[Result "1-0"]
[WhiteElo "1043"]
[BlackElo "889"]
[PlyCount "51"]
[EventDate "2001.??.??"]
[EventType "tourn (corr)"]
[EventRounds "6"]
[SourceTitle "Corr 2008"]
[Source "ChessBase"]
[SourceDate "2008.06.24"]
[SourceVersion "1"]
[SourceVersionDate "2008.06.24"]
[SourceQuality "1"]

1. e4 e5 2. Nf3 Nc6 3. Bc4 d6 4. d4 Nf6 5. 0-0 Be7 6. d5 Na5 7. Be2 0-0 8. Nc3 b6 9. Nh4 g6 10. Bb5 Bd7 11. Bh6 Re8 12. Be2 Bf8 13. Qd2 Nb7 14. Bxf8 Rxf8 15. Qh6 Re8 16. Rad1 Bg4 17. f3 Bd7 18. Bb5 Nc5 19. f4 Bg4 20. Rd2 a6 21. Bxe8 Qxe8 22. fxe5 Qxe5 23. Nf3 Qe7 24. Ne2 Na4 25. Ng5 Nxb2 26. Rxf6 1-0